| 000 | 00324nam a22001217a 4500 | ||
|---|---|---|---|
| 040 | _crua | ||
| 082 | _a510 MCG 2001 A005 Or. | ||
| 100 | _a Coxford, Arthur F. | ||
| 245 | _aContemporary mathematics in context : a unified approach : Course 4 | ||
| 260 |
_aphnom penh _brua _c2001 |
||
| 300 |
_axxi.703p. _bill. |
||
| 942 | _cREC | ||
| 999 |
_c21500 _d21500 |
||